000 00388nam a2200145Ia 4500
005 20250519150720.0
008 231217s9999 xx 000 0 und d
020 _a9781933988665
100 _aMarmanis, Haralambos. Babenko, Dmitry.
245 0 _aAlgorithms of the intelligent Web
260 _c2009
_bManning
_aGreenwich
300 _axxii, 345
650 _aintelligent
942 _cAA
999 _c191569
_d191569